Provincial Capitals of Spain - Statistics

Statistiche generali
  • Questo quiz è stato fatto 14 volte
  • Il punteggio medio è 24 su 50
Statistiche sulle risposte
Autonomous community Capital % Corretto
Community of Madrid Madrid
100%
Basque Country Bilbao
91%
Andalusia Granada
91%
Andalusia Málaga
91%
Balearic Islands Palma
91%
Valencian Community Valencia
91%
Catalonia Barcelona
82%
Region of Murcia Murcia
82%
Basque Country San Sebastián
82%
Canary Islands Santa Cruz de Tenerife
82%
Valencian Community Alicante
73%
Andalusia Córdoba
73%
Navarre Pamplona
73%
Cantabria Santander
73%
Aragon Zaragoza
73%
Galicia A Coruña
64%
Andalusia Cádiz
64%
Catalonia Girona
64%
Canary Islands Las Palmas
64%
Castile and León León
64%
Castilla-La Mancha Toledo
64%
Asturias Oviedo
55%
Andalusia Seville
55%
Castile and León Valladolid
55%
Catalonia Tarragona
45%
Andalusia Almería
36%
Castile and León Ávila
36%
Extremadura Cáceres
36%
Andalusia Jaén
36%
Castile and León Salamanca
36%
Castilla-La Mancha Albacete
27%
Castile and León Burgos
27%
Galicia Lugo
27%
Extremadura Badajoz
18%
Valencian Community Castellón de la Plana
18%
Castilla-La Mancha Ciudad Real
18%
Castilla-La Mancha Cuenca
18%
Andalusia Huelva
18%
Aragon Huesca
18%
Catalonia Lleida
18%
La Rioja Logroño
18%
Galicia Pontevedra
18%
Castile and León Segovia
18%
Aragon Teruel
18%
Castile and León Zamora
18%
Castilla-La Mancha Guadalajara
9%
Galicia Ourense
9%
Castile and León Palencia
9%
Castile and León Soria
9%
Basque Country Vitoria
9%
Nessun quiz corrispondente trovato
Distribuzione punteggi
Percentuale di utenti per punteggio
Percentile per numero di risposta
I tuoi punteggi nel tempo
Non hai fatto questo quiz